000 00913cam a2200229 4500
001 8163
005 20181127185245.0
008 051102s2006 nyu b 001 0 eng
010 _a 2005936716
020 _a1846282969
020 _a1846283175 (e-ISBN)
020 _a9781846282966
082 0 0 _a613
_222
100 1 _aGunderman, Richard B.
245 1 0 _aExcellence in medical education /
_cRichard B. Gunderman.
260 _aNew York :
_bSpringer,
_cc2006.
300 _axix, 179 p. ;
_c24 cm.
504 _aIncludes bibliographical references (p. 165-172).
505 _aCONTENTS:Education Matters.- Theoretical Insights.- Understanding Learners.- Promoting Learners.- Educational Excellence.- Educational Technique.- Obstacles to Excellence.- Organizational Excellence.- Center of Excellence.- Educational Leadership.
_g
_r
_t
650 0 _aMedical education.
999 _c7036
_d7036